| 000 | 04787nem a22002895i#4500 | ||
|---|---|---|---|
| 001 | 179926 | ||
| 003 | ES-MaACL | ||
| 005 | 20240228150953.0 | ||
| 007 | ad ca | ||
| 008 | 191120q1887 sp b | |0| ||spa d | ||
| 245 | 0 | 0 |
_aAtlas topográfico de la Narración militar de la Guerra Carlista de 1869 a 1876 [ _hMaterial cartográfico] / _cpublicado por el Depósito de la Guerra, a cargo del Cuerpo de E.M. del Ejército ; [Lit. del Depósito de la Guerra]. |
| 246 | 3 |
_aNarración militar de la Guerra Carlista _b: signos convencionales ([1] h.) |
|
| 255 | _aEscala de 1:40.000 y mayores. | ||
| 255 | _aEscala de 1:100.000 y menores. | ||
| 260 |
_aMadrid : _bDepósito de la Guerra, _c[ca. 1887] |
||
| 300 |
_a1 carpeta ([1] h., [52] h. de mapas col., algunos pleg.) : _blitografías ; _c67 cm. |
||
| 500 | _aCompleta a: 'Narración militar de la Guerra Carlista de 1869 a 1876'. | ||
| 505 | 8 | _aContiene: Norte: 1. Teatro de operaciones del Ejército del Norte - 2. Acción de Arizola; Sorpresa de Oroquieta; Acción de Arrigorriaga; Acción de Oñate; Encuentro de Mañaria; Derrota y disolución de la facción Carasa - 3. Acción de Monreal; Sorpresa de Apellániz; Operaciones del Baztán - 4. Acción de Erául; Plano de Estella; Acción de Udabe; Acción de Metáuten - 5. Acción de Allo y Decastillo; Combate de Puente la Reina - 6. Batalla de Montejurra - 7. Batalla de Montejurra - 8. Plano de la Batalla de Velabieta; Plano de la Guardia y sus inmediaciones - 9. Plano de la Ría de Bilbao y alrededores - 10. Plano de Portugalete y sus inmediaciones; Plano de la explicación del Sitio de Bilbao - 11. Combate de Somorrostro - 11bis. Combate de Somorrostro - 12. Combate de Somorrostro - 12bis. Combate de Somorrostro - 13. Combate de las Muñecas - 13bis. Combate de Galdames - 14. Batalla del Monte Muru - 15. Batalla del Monte Muru - 16. Batalla del Monte Muru - 17. Batalla del Monte Muru: retirada del ejército liberal - 18. Combate de Oteiza - 19. Combate de Biurrum - 20. Combate de S. Juan - 21. Levantamiento del sitio de Irún: representación de las tropas - 22. Combate de Urnieta; Línea del Oria - 23. Levantamiento del bloqueo de Pamplona - 24. Acción de Lacar y Lorca - 25. Batalla de Treviño - 26. Ataque de los carlistas a la ermita de la Trinidad de Lumbier - 27. Ataque del General Reina a la ermita de Trinidad de Lumbier - 28. Conquista de la ermita de la Trinidad de Lumbier por el General Delatre - 29. Acción de Alzuza - 30. Combate de Miravalles - 31. Combate de Oricáin - 32. Batalla de Elgueta - 33. Operaciones del ejército de la izquierda - 34. Ejército de la derecha, marcha del 1er. Cuerpo y la División de Reserva desde Pamplona a la frontera --- Cataluña: 2. Plano para la mejor inteligencia de las acciones de Vallsebre, Puente Guardiola y Castellar de Nuch, 1er. y 3er. período - 3. 1er. Período, Sallent; 1er. período, San Quirse de Besora - 4. Inmediaciones de Balaguer - 5. 1º y 2º Período Caserras y Clot de Furriols; 2º Período, Acción de Alpens - 7. 2º Período Acción de Prades; 3er. Período, Acción de Prats de Llusanés - 8. 3er. Período, Plano de la Villa de Olot en 1874 - 9. Alrededores de Castellfullit, Acción del Toix - 10. Reconocimiento topográfico de la Cuenca del Alto Fluviá para inteligencia de las operaciones sobre Olot - 11. 3er. Período, Operaciones llevadas a cabo para levantar el sitio de Puigcerdá, acciones de Puente Guardiola y Castellar de Nuch - 12. 3er. Período, plano de Puigcerdá; 4º Período, Acción de la Junquera --- Centro: 2. Plano de la comarca de Chelva - 3. (Valencia, 1er. Período), Acción de Ares del Maestre - 4. Valencia, 2º Período, Acción de Minglanilla - 5. 2º y 3er. Período. Plano para la inteligencia de las acciones de Alcora; 3er. Período, Acción de Cervera del Maestre - 6. 1er. Período. Plano para la inteligencia de la acción de Bocairente; 1º y 2º Período. Plano para la inteligencia de las acciones de La Pobleta de Morella - 7. 2º y 3er. Período. Plano para la inteligencia de Villafranca y Monlleó; 3er. Período. Collado de Alpuente y de sus alrededores - 8. 3er. Período. Plano para la inteligencia de las operaciones sobre Cantavieja | |
| 530 | _aDisponible en formato digital. | ||
| 651 | 0 |
_aEspaña- _xHistoria- _y1872-1876, Guerra carlista _9179965 |
|
| 710 | 1 |
_aEspaña. _bCuerpo de Estado Mayor del Ejército. _9140419 |
|
| 710 | 1 |
_aEspaña. _bDepósito de la Guerra. _9167579 |
|
| 852 |
_aES-MaACL _jMapero _q- Faltan: h. 1, 6 y 13 de Cataluña y h. 1 de Centro |
||
| 856 |
_uhttp://bdh-rd.bne.es/viewer.vm?id=0000147999&page=1 _zBiblioteca Digital Hispánica |
||
| 856 |
_uhttps://www.ign.es/web/catalogo-cartoteca/resources/html/026342.html _zInstituto Geográfico Nacional |
||
| 999 |
_c179926 _d179926 |
||